[Event "DEM U12w 2024"]
[Site "Willingen GER"]
[Date "2024.05.19"]
[Round "1"]
[White "Ratushna, Olha"]
[Black "Krannich, Eva"]
[Result "0-1"]
[Termination "normal"]
[Board "19"]
[WhiteElo "1602"]
[BlackElo "1176"]
[WhiteClock "01:14:03"]
[BlackClock "01:05:38"]
[PlyCount "118"]
[WhiteFideId "34172602"]
[BlackFideId "34639713"]
[EventCountry "GER"]
[EventRounds "9"]
[EventType "swiss"]
[EventDate "2024.05.18"]

1. e4 {[%clk 01:30:59]} {[%emt 00:00:01]} c5 {[%clk 01:30:54]} {[%emt
00:00:07]} 2. Nc3 {[%clk 01:31:21]} {[%emt 00:00:07]} g6 {[%clk 01:31:01]}
{[%emt 00:00:23]} 3. Nf3 {[%clk 01:31:30]} {[%emt 00:00:20]} Bg7 {[%clk
01:31:09]} {[%emt 00:00:23]} 4. Bc4 {[%clk 01:30:59]} {[%emt 00:00:59]} d6
{[%clk 01:31:10]} {[%emt 00:00:31]} 5. d3 {[%clk 01:29:56]} {[%emt 00:01:32]}
Nf6 {[%clk 01:30:53]} {[%emt 00:00:47]} 6. h3 {[%clk 01:29:15]} {[%emt
00:01:12]} a6 {[%clk 01:29:08]} {[%emt 00:02:15]} 7. a4 {[%clk 01:29:03]}
{[%emt 00:00:41]} Nc6 {[%clk 01:29:13]} {[%emt 00:00:26]} 8. Bd2 {[%clk
01:28:19]} {[%emt 00:01:14]} Bd7 {[%clk 01:28:40]} {[%emt 00:01:03]} 9. Qc1
{[%clk 01:27:05]} {[%emt 00:01:43]} h5 {[%clk 01:28:08]} {[%emt 00:01:03]} 10.
Ng5 {[%clk 01:25:20]} {[%emt 00:02:14]} O-O {[%clk 01:26:43]} {[%emt 00:01:56]}
11. Nf3 {[%clk 01:25:04]} {[%emt 00:00:42]} Na7 {[%clk 01:17:03]} {[%emt
00:10:13]} 12. Bh6 {[%clk 01:20:20]} {[%emt 00:05:13]} b5 {[%clk 01:16:41]}
{[%emt 00:00:54]} 13. axb5 {[%clk 01:19:33]} {[%emt 00:01:17]} axb5 {[%clk
01:17:04]} {[%emt 00:00:06]} 14. Bb3 {[%clk 01:18:49]} {[%emt 00:01:14]} b4
{[%clk 01:13:30]} {[%emt 00:04:05]} 15. Nd5 {[%emt 00:00:59]} e6 {[%clk
01:13:07]} {[%emt 00:00:52]} 16. Nxf6+ {[%clk 01:18:05]} {[%emt 00:00:47]} Qxf6
{[%clk 01:13:29]} {[%emt 00:00:07]} 17. Bg5 {[%clk 01:18:12]} {[%emt 00:00:18]}
Qxb2 {[%clk 01:13:31]} {[%emt 00:00:33]} 18. Qxb2 {[%clk 01:18:22]} {[%emt
00:00:20]} Bxb2 {[%clk 01:13:54]} {[%emt 00:00:07]} 19. Ra2 {[%clk 01:18:03]}
{[%emt 00:00:47]} Bg7 {[%clk 01:14:04]} {[%emt 00:00:22]} 20. Be7 {[%clk
01:18:20]} {[%emt 00:00:12]} Rfc8 {[%clk 01:13:23]} {[%emt 00:01:13]} 21. Bxd6
{[%clk 01:18:15]} {[%emt 00:00:34]} Nb5 {[%clk 01:12:32]} {[%emt 00:01:21]} 22.
Be5 {[%clk 01:15:55]} {[%emt 00:02:48]} Rxa2 {[%clk 01:06:21]} {[%emt
00:06:43]} 23. Bxa2 {[%clk 01:15:54]} {[%emt 00:00:31]} Ra8 {[%clk 01:02:47]}
{[%emt 00:04:03]} 24. Bxg7 {[%clk 01:14:22]} {[%emt 00:02:01]} Kxg7 {[%clk
01:03:12]} {[%emt 00:00:07]} 25. Bb1 {[%clk 01:13:55]} {[%emt 00:00:54]} Ra1
{[%clk 01:02:46]} {[%emt 00:00:59]} 26. Kd2 {[%clk 01:13:31]} {[%emt 00:00:53]}
Nc3 {[%clk 01:02:47]} {[%emt 00:00:30]} 27. Re1 {[%clk 01:12:27]} {[%emt
00:01:29]} Rxb1 {[%clk 01:02:40]} {[%emt 00:00:42]} 28. Rxb1 {[%clk 01:11:15]}
{[%emt 00:01:42]} Nxb1+ {[%clk 01:02:44]} {[%emt 00:00:26]} 29. Ke3 {[%clk
01:11:38]} {[%emt 00:00:05]} Nc3 {[%clk 01:02:50]} {[%emt 00:00:26]} 30. d4
{[%clk 01:11:22]} {[%emt 00:00:44]} cxd4+ {[%emt 00:00:37]} 31. Kxd4 {[%clk
01:11:30]} {[%emt 00:00:20]} Bc6 {[%clk 01:02:13]} {[%emt 00:01:03]} 32. Nd2
{[%clk 01:11:13]} {[%emt 00:00:46]} Kf6 {[%clk 01:01:28]} {[%emt 00:01:16]} 33.
Ke3 {[%clk 01:09:30]} {[%emt 00:02:12]} g5 {[%clk 00:59:47]} {[%emt 00:02:13]}
34. g3 {[%clk 01:07:45]} {[%emt 00:02:15]} Ba4 {[%clk 00:58:30]} {[%emt
00:01:48]} 35. Kd3 {[%clk 01:07:18]} {[%emt 00:00:53]} Ke5 {[%clk 00:58:25]}
{[%emt 00:00:37]} 36. Nc4+ {[%clk 01:07:13]} {[%emt 00:00:35]} Kf6 {[%clk
00:58:28]} {[%emt 00:00:27]} 37. f4 {[%clk 01:06:23]} {[%emt 00:01:20]} Bb5
{[%clk 00:58:48]} {[%emt 00:00:11]} 38. fxg5+ {[%clk 01:06:25]} {[%emt
00:00:27]} Kxg5 {[%clk 00:59:13]} {[%emt 00:00:06]} 39. Kd4 {[%clk 01:06:38]}
{[%emt 00:00:16]} Bxc4 {[%clk 00:59:37]} {[%emt 00:00:06]} 40. Kxc4 {[%clk
01:07:05]} {[%emt 00:00:03]} Ne2 {[%clk 01:00:00]} {[%emt 00:00:07]} 41. Kxb4
{[%clk 01:07:24]} {[%emt 00:00:12]} Nxg3 {[%clk 01:00:24]} {[%emt 00:00:06]}
42. c4 {[%clk 01:07:50]} {[%emt 00:00:04]} Nxe4 {[%clk 01:00:48]} {[%emt
00:00:06]} 43. Kb3 {[%clk 01:08:05]} {[%emt 00:00:10]} f5 {[%clk 01:01:09]}
{[%emt 00:00:13]} 44. Kc2 {[%clk 01:08:29]} {[%emt 00:00:06]} Kf4 {[%clk
01:01:22]} {[%emt 00:00:18]} 45. Kd3 {[%clk 01:08:50]} {[%emt 00:00:08]} Kg3
{[%clk 01:01:34]} {[%emt 00:00:19]} 46. Ke2 {[%clk 01:09:14]} {[%emt 00:00:06]}
Kxh3 {[%clk 01:01:58]} {[%emt 00:00:06]} 47. Kf1 {[%clk 01:09:38]} {[%emt
00:00:06]} Kg3 {[%clk 01:02:17]} {[%emt 00:00:11]} 48. c5 {[%clk 01:09:58]}
{[%emt 00:00:09]} Nxc5 {[%clk 01:02:42]} {[%emt 00:00:05]} 49. Kg1 {[%clk
01:10:26]} {[%emt 00:00:02]} e5 {[%clk 01:02:55]} {[%emt 00:00:18]} 50. Kh1
{[%clk 01:10:50]} {[%emt 00:00:05]} e4 {[%clk 01:03:21]} {[%emt 00:00:04]} 51.
Kg1 {[%clk 01:10:50]} {[%emt 00:00:31]} e3 {[%clk 01:03:42]} {[%emt 00:00:08]}
52. Kf1 {[%clk 01:11:16]} {[%emt 00:00:04]} h4 {[%clk 01:03:59]} {[%emt
00:00:13]} 53. Ke1 {[%clk 01:11:40]} {[%emt 00:00:07]} e2 {[%clk 01:04:16]}
{[%emt 00:00:13]} 54. Kd2 {[%clk 01:11:57]} {[%emt 00:00:12]} Kf2 {[%clk
01:04:38]} {[%emt 00:00:08]} 55. Kc2 {[%clk 01:12:23]} {[%emt 00:00:05]} e1=Q
{[%clk 01:04:56]} {[%emt 00:00:12]} 56. Kb2 {[%clk 01:12:51]} {[%emt 00:00:02]}
Qe3 {[%clk 01:04:59]} {[%emt 00:00:27]} 57. Ka1 {[%clk 01:13:16]} {[%emt
00:00:04]} Qd2 {[%clk 01:05:19]} {[%emt 00:00:10]} 58. Kb1 {[%clk 01:13:40]}
{[%emt 00:00:05]} Nd3 {[%clk 01:05:38]} {[%emt 00:00:12]} 59. Ka1 {[%clk
01:14:03]} {[%emt 00:00:07]} Qb2# {[%emt 00:00:04]} 0-1

[Event "DEM U12w 2024"]
[Site "Willingen GER"]
[Date "2024.05.19"]
[Round "1"]
[White "Margaryan, Mane"]
[Black "Klymenko, Mariia"]
[Result "1-0"]
[Termination "normal"]
[Board "20"]
[WhiteElo "1512"]
[BlackElo "1438"]
[WhiteClock "00:44:21"]
[BlackClock "00:01:10"]
[PlyCount "93"]
[WhiteFideId "16268237"]
[BlackFideId "34620621"]
[EventCountry "GER"]
[EventRounds "9"]
[EventType "swiss"]
[EventDate "2024.05.18"]

1. d4 {[%clk 01:30:59]} e6 {[%clk 01:30:55]} {[%emt 00:00:06]} 2. c4 {[%clk
01:31:25]} {[%emt 00:00:05]} f5 {[%clk 01:31:20]} {[%emt 00:00:04]} 3. Nc3
{[%clk 01:31:31]} {[%emt 00:00:24]} Nf6 {[%clk 01:31:44]} {[%emt 00:00:06]} 4.
Nf3 {[%clk 01:31:07]} {[%emt 00:00:54]} b6 {[%clk 01:32:06]} {[%emt 00:00:08]}
5. Bd2 {[%clk 01:28:10]} {[%emt 00:03:27]} Bb4 {[%clk 01:31:41]} {[%emt
00:00:55]} 6. a3 {[%clk 01:26:01]} {[%emt 00:02:40]} Bxc3 {[%clk 01:32:00]}
{[%emt 00:00:10]} 7. Bxc3 {[%clk 01:26:26]} {[%emt 00:00:05]} Bb7 {[%clk
01:31:07]} {[%emt 00:01:23]} 8. e3 {[%clk 01:25:18]} {[%emt 00:01:38]} Ne4
{[%clk 01:29:28]} {[%emt 00:02:08]} 9. Bd3 {[%clk 01:22:27]} {[%emt 00:03:22]}
Nxc3 {[%clk 01:28:26]} {[%emt 00:01:32]} 10. bxc3 {[%clk 01:22:50]} {[%emt
00:00:07]} O-O {[%clk 01:26:32]} {[%emt 00:02:24]} 11. O-O {[%clk 01:21:01]}
{[%emt 00:02:19]} d6 {[%clk 01:23:08]} {[%emt 00:03:52]} 12. Qb3 {[%clk
01:16:50]} {[%emt 00:04:43]} Bxf3 {[%clk 01:15:56]} {[%emt 00:07:40]} 13. gxf3
{[%clk 01:17:11]} {[%emt 00:00:10]} c5 {[%clk 01:07:35]} {[%emt 00:08:51]} 14.
d5 {[%clk 01:14:26]} {[%emt 00:03:16]} e5 {[%clk 01:03:10]} {[%emt 00:04:54]}
15. e4 {[%clk 01:12:43]} {[%emt 00:02:14]} f4 {[%clk 01:01:02]} {[%emt
00:02:38]} 16. Kh1 {[%clk 01:10:32]} {[%emt 00:02:41]} Qh4 {[%clk 00:46:20]}
{[%emt 00:15:07]} 17. Qc2 {[%clk 01:09:19]} {[%emt 00:01:47]} Rf6 {[%clk
00:41:14]} {[%emt 00:05:36]} 18. Rg1 {[%clk 01:08:11]} {[%emt 00:01:39]} Rh6
{[%clk 00:34:48]} {[%emt 00:06:56]} 19. Rg2 {[%clk 01:08:24]} {[%emt 00:00:17]}
Qe7 {[%clk 00:28:24]} {[%emt 00:06:52]} 20. Rag1 {[%clk 01:06:31]} {[%emt
00:02:23]} Rf6 {[%clk 00:26:26]} {[%emt 00:02:23]} 21. Rxg7+ {[%clk 01:03:39]}
{[%emt 00:03:29]} Qxg7 {[%clk 00:26:49]} {[%emt 00:00:06]} 22. Rxg7+ {[%clk
01:04:06]} {[%emt 00:00:04]} Kxg7 {[%clk 00:27:14]} {[%emt 00:00:05]} 23. Qa4
{[%clk 01:02:54]} {[%emt 00:01:42]} Rf8 {[%clk 00:18:14]} {[%emt 00:09:28]} 24.
Bf1 {[%clk 00:56:09]} {[%emt 00:07:16]} Kf6 {[%clk 00:08:35]} {[%emt 00:10:07]}
25. Bh3 {[%clk 00:54:27]} {[%emt 00:02:14]} Ke7 {[%clk 00:08:18]} {[%emt
00:00:47]} 26. Be6 {[%clk 00:51:57]} {[%emt 00:02:59]} Kd8 {[%clk 00:07:12]}
{[%emt 00:01:35]} 27. Qd1 {[%clk 00:49:45]} {[%emt 00:02:44]} Rf6 {[%clk
00:04:06]} {[%emt 00:03:33]} 28. Qf1 {[%clk 00:48:46]} {[%emt 00:01:33]} h6
{[%clk 00:02:16]} {[%emt 00:02:20]} 29. Qg2 {[%clk 00:46:29]} {[%emt 00:02:45]}
Ke8 {[%clk 00:02:07]} {[%emt 00:00:40]} 30. Qg8+ {[%clk 00:45:56]} {[%emt
00:01:03]} Rf8 {[%clk 00:02:22]} {[%emt 00:00:14]} 31. Qg6+ {[%clk 00:44:58]}
{[%emt 00:01:28]} Ke7 {[%clk 00:02:40]} {[%emt 00:00:13]} 32. Qxh6 {[%clk
00:44:34]} {[%emt 00:00:53]} a5 {[%clk 00:00:59]} {[%emt 00:02:12]} 33. Qg7+
{[%clk 00:43:15]} {[%emt 00:01:49]} Ke8 {[%clk 00:00:57]} {[%emt 00:00:29]} 34.
Qb7 {[%clk 00:43:25]} {[%emt 00:00:23]} Ra6 {[%emt 00:00:55]} 35. Qxb8+ {[%clk
00:43:37]} {[%emt 00:00:17]} Ke7 {[%clk 00:00:44]} {[%emt 00:00:19]} 36. Qb7+
{[%clk 00:43:44]} {[%emt 00:00:23]} Kf6 {[%clk 00:00:44]} {[%emt 00:00:31]} 37.
Qxa6 {[%clk 00:44:04]} {[%emt 00:00:10]} Rh8 {[%clk 00:00:36]} {[%emt
00:00:36]} 38. Qxb6 {[%clk 00:43:48]} {[%emt 00:00:47]} a4 {[%clk 00:00:35]}
{[%emt 00:00:32]} 39. Qxd6 {[%clk 00:44:03]} {[%emt 00:00:14]} Kg7 {[%clk
00:00:33]} {[%emt 00:00:33]} 40. Qxe5+ {[%clk 00:42:38]} {[%emt 00:01:54]} Kh7
{[%clk 00:00:44]} {[%emt 00:00:17]} 41. Qxh8+ {[%clk 00:42:48]} {[%emt
00:00:22]} Kxh8 {[%clk 00:01:04]} {[%emt 00:00:10]} 42. d6 {[%clk 00:43:16]}
{[%emt 00:00:03]} Kg7 {[%clk 00:00:51]} {[%emt 00:00:41]} 43. d7 {[%clk
00:43:38]} {[%emt 00:00:10]} Kg6 {[%clk 00:00:49]} {[%emt 00:00:31]} 44. d8=Q
{[%clk 00:43:38]} {[%emt 00:00:30]} Kh6 {[%clk 00:00:48]} {[%emt 00:00:28]} 45.
Qg8 {[%clk 00:43:52]} {[%emt 00:00:18]} Kh5 {[%clk 00:01:08]} {[%emt 00:00:11]}
46. Bf5 {[%clk 00:43:58]} {[%emt 00:00:25]} Kh4 {[%clk 00:01:10]} {[%emt
00:00:27]} 47. Qg4# {[%clk 00:44:21]} {[%emt 00:00:07]} 1-0

[Event "DEM U12w 2024"]
[Site "Willingen GER"]
[Date "2024.05.19"]
[Round "1"]
[White "Busch, Lara Sophie"]
[Black "Guliyeva, Zahra"]
[Result "1-0"]
[Termination "normal"]
[Board "21"]
[WhiteElo "1585"]
[BlackElo "1093"]
[WhiteClock "00:15:10"]
[BlackClock "01:08:50"]
[PlyCount "75"]
[WhiteFideId "34664866"]
[BlackFideId "34630198"]
[EventCountry "GER"]
[EventRounds "9"]
[EventType "swiss"]
[EventDate "2024.05.18"]

1. e4 {[%clk 01:30:58]} e5 {[%clk 01:30:55]} {[%emt 00:00:06]} 2. Nf3 {[%clk
01:31:20]} {[%emt 00:00:09]} d6 {[%clk 01:31:21]} {[%emt 00:00:04]} 3. Bc4
{[%clk 01:31:32]} {[%emt 00:00:17]} c5 {[%clk 01:31:44]} {[%emt 00:00:07]} 4.
Nc3 {[%clk 01:31:46]} {[%emt 00:00:17]} Be7 {[%clk 01:31:56]} {[%emt 00:00:18]}
5. d3 {[%clk 01:31:33]} {[%emt 00:00:42]} h6 {[%clk 01:32:09]} {[%emt
00:00:18]} 6. h3 {[%clk 01:28:15]} {[%emt 00:03:48]} Nf6 {[%clk 01:32:22]}
{[%emt 00:00:17]} 7. Nh2 {[%clk 01:24:42]} {[%emt 00:04:02]} O-O {[%clk
01:30:28]} {[%emt 00:02:25]} 8. O-O {[%clk 01:21:25]} {[%emt 00:03:46]} Nc6
{[%clk 01:30:32]} {[%emt 00:00:27]} 9. f4 {[%clk 01:18:13]} {[%emt 00:03:41]}
Be6 {[%clk 01:27:59]} {[%emt 00:03:03]} 10. Nd5 {[%clk 01:16:43]} {[%emt
00:02:01]} Bxd5 {[%clk 01:26:59]} {[%emt 00:01:30]} 11. exd5 {[%clk 01:16:03]}
{[%emt 00:01:09]} Nd4 {[%clk 01:26:31]} {[%emt 00:00:59]} 12. c3 {[%clk
01:14:10]} {[%emt 00:02:22]} b5 {[%clk 01:26:44]} {[%emt 00:00:18]} 13. cxd4
{[%clk 01:13:47]} {[%emt 00:00:53]} bxc4 {[%clk 01:27:10]} {[%emt 00:00:04]}
14. dxe5 {[%clk 01:12:46]} {[%emt 00:01:30]} dxe5 {[%clk 01:27:33]} {[%emt
00:00:06]} 15. dxc4 {[%clk 01:11:03]} {[%emt 00:02:13]} e4 {[%clk 01:27:15]}
{[%emt 00:00:49]} 16. b3 {[%clk 01:03:50]} {[%emt 00:07:44]} Nd7 {[%clk
01:26:08]} {[%emt 00:01:36]} 17. Ng4 {[%clk 01:02:09]} {[%emt 00:02:11]} f5
{[%clk 01:25:45]} {[%emt 00:00:54]} 18. Ne5 {[%clk 01:00:30]} {[%emt 00:02:09]}
Bf6 {[%clk 01:25:12]} {[%emt 00:01:02]} 19. Bb2 {[%clk 00:50:12]} {[%emt
00:10:48]} Qe8 {[%clk 01:24:54]} {[%emt 00:00:44]} 20. Nxd7 {[%clk 00:48:19]}
{[%emt 00:02:27]} Qxd7 {[%clk 01:24:51]} {[%emt 00:00:34]} 21. Rb1 {[%clk
00:43:04]} {[%emt 00:05:44]} Rae8 {[%clk 01:23:05]} {[%emt 00:02:16]} 22. Qd2
{[%clk 00:39:14]} {[%emt 00:04:18]} e3 {[%clk 01:22:47]} {[%emt 00:00:50]} 23.
Qe2 {[%clk 00:39:09]} {[%emt 00:00:25]} Bh4 {[%clk 01:22:12]} {[%emt 00:01:16]}
24. Rbd1 {[%clk 00:37:31]} {[%emt 00:02:07]} g5 {[%clk 01:21:16]} {[%emt
00:01:25]} 25. Be5 {[%clk 00:35:46]} {[%emt 00:02:15]} gxf4 {[%clk 01:20:29]}
{[%emt 00:01:18]} 26. Bxf4 {[%clk 00:35:49]} {[%emt 00:00:27]} Bf2+ {[%clk
01:20:12]} {[%emt 00:00:48]} 27. Kh2 {[%clk 00:33:14]} {[%emt 00:03:02]} Re4
{[%clk 01:20:11]} {[%emt 00:00:34]} 28. g3 {[%clk 00:27:44]} {[%emt 00:06:00]}
Qg7 {[%clk 01:19:30]} {[%emt 00:01:11]} 29. Rxf2 {[%clk 00:22:56]} {[%emt
00:05:17]} exf2 {[%clk 01:19:41]} {[%emt 00:00:19]} 30. Qxf2 {[%clk 00:23:03]}
{[%emt 00:00:23]} Rfe8 {[%clk 01:19:47]} {[%emt 00:00:24]} 31. Rd2 {[%clk
00:21:27]} {[%emt 00:02:07]} Qg6 {[%clk 01:17:55]} {[%emt 00:02:22]} 32. d6
{[%clk 00:20:13]} {[%emt 00:01:43]} Qh5 {[%clk 01:17:51]} {[%emt 00:00:34]} 33.
d7 {[%clk 00:19:42]} {[%emt 00:01:01]} Rd8 {[%clk 01:17:33]} {[%emt 00:00:48]}
34. Bc7 {[%clk 00:19:19]} {[%emt 00:00:50]} f4 {[%clk 01:12:30]} {[%emt
00:05:37]} 35. g4 {[%clk 00:15:23]} {[%emt 00:04:25]} Qf7 {[%clk 01:08:55]}
{[%emt 00:04:05]} 36. Bxd8 {[%clk 00:15:17]} {[%emt 00:00:36]} f3 {[%clk
01:09:15]} {[%emt 00:00:10]} 37. Bc7 {[%clk 00:15:04]} {[%emt 00:00:39]} Kg7
{[%clk 01:08:50]} {[%emt 00:00:58]} 38. d8=Q {[%clk 00:15:10]} {[%emt
00:00:25]} 1-0

[Event "DEM U12w 2024"]
[Site "Willingen GER"]
[Date "2024.05.19"]
[Round "1"]
[White "Rutschmann, Polly"]
[Black "Greither, Flora"]
[Result "0-1"]
[Termination "normal"]
[Board "22"]
[WhiteElo "966"]
[BlackElo "1430"]
[WhiteClock "00:32:10"]
[BlackClock "01:15:11"]
[PlyCount "54"]
[WhiteFideId "34621261"]
[BlackFideId "533000697"]
[EventCountry "GER"]
[EventRounds "9"]
[EventType "swiss"]
[EventDate "2024.05.18"]

1. e4 {[%clk 01:30:56]} {[%emt 00:00:03]} c5 {[%clk 01:30:55]} {[%emt
00:00:06]} 2. Nf3 {[%clk 01:30:50]} {[%emt 00:00:36]} d6 {[%clk 01:31:12]}
{[%emt 00:00:14]} 3. Bc4 {[%clk 01:30:22]} {[%emt 00:00:57]} Nc6 {[%clk
01:31:07]} {[%emt 00:00:36]} 4. d3 {[%clk 01:28:48]} {[%emt 00:02:03]} Bg4
{[%clk 01:31:23]} {[%emt 00:00:14]} 5. Be3 {[%clk 01:26:08]} {[%emt 00:03:09]}
Nf6 {[%clk 01:31:16]} {[%emt 00:00:38]} 6. Nbd2 {[%clk 01:24:51]} {[%emt
00:01:46]} g6 {[%clk 01:30:41]} {[%emt 00:01:05]} 7. c3 {[%clk 01:24:48]}
{[%emt 00:00:35]} Bg7 {[%clk 01:30:50]} {[%emt 00:00:19]} 8. Qb3 {[%clk
01:23:05]} {[%emt 00:02:14]} O-O {[%clk 01:30:38]} {[%emt 00:00:42]} 9. h3
{[%clk 01:21:51]} {[%emt 00:01:44]} Bd7 {[%clk 01:30:32]} {[%emt 00:00:35]} 10.
Ng5 {[%clk 01:21:14]} {[%emt 00:01:08]} Ne5 {[%clk 01:30:16]} {[%emt 00:00:46]}
11. O-O-O {[%clk 01:17:26]} {[%emt 00:04:18]} Nxc4 {[%clk 01:27:41]} {[%emt
00:03:06]} 12. Qxc4 {[%clk 01:16:10]} {[%emt 00:01:43]} b5 {[%clk 01:27:42]}
{[%emt 00:00:32]} 13. Qb3 {[%clk 01:15:58]} {[%emt 00:00:40]} a5 {[%clk
01:27:40]} {[%emt 00:00:34]} 14. c4 {[%clk 01:07:18]} {[%emt 00:09:09]} a4
{[%clk 01:27:23]} {[%emt 00:00:48]} 15. Qc2 {[%clk 01:07:24]} {[%emt 00:00:23]}
b4 {[%clk 01:27:21]} {[%emt 00:00:32]} 16. Rdg1 {[%clk 01:03:42]} {[%emt
00:04:12]} Rb8 {[%clk 01:25:21]} {[%emt 00:02:31]} 17. b3 {[%clk 01:01:54]}
{[%emt 00:02:17]} Qa5 {[%clk 01:23:22]} {[%emt 00:02:28]} 18. d4 {[%clk
00:52:27]} {[%emt 00:09:58]} axb3 {[%clk 01:22:50]} {[%emt 00:01:03]} 19. Nxb3
{[%clk 00:51:53]} {[%emt 00:01:04]} Qa7 {[%clk 01:22:39]} {[%emt 00:00:40]} 20.
dxc5 {[%clk 00:51:52]} {[%emt 00:00:30]} Qc7 {[%clk 01:19:37]} {[%emt
00:03:33]} 21. cxd6 {[%clk 00:51:16]} {[%emt 00:01:06]} exd6 {[%clk 01:19:23]}
{[%emt 00:00:44]} 22. c5 {[%clk 00:38:09]} {[%emt 00:13:37]} Rbc8 {[%clk
01:18:33]} {[%emt 00:01:20]} 23. Kd1 {[%clk 00:37:55]} {[%emt 00:00:44]} Ba4
{[%clk 01:18:18]} {[%emt 00:00:44]} 24. Ke2 {[%clk 00:37:36]} {[%emt 00:00:49]}
Qc6 {[%clk 01:17:16]} {[%emt 00:01:25]} 25. Rc1 {[%clk 00:34:58]} {[%emt
00:03:16]} h6 {[%clk 01:16:49]} {[%emt 00:00:56]} 26. Nf3 {[%clk 00:34:52]}
{[%emt 00:00:37]} Nxe4 {[%clk 01:16:33]} {[%emt 00:00:46]} 27. Qc4 {[%clk
00:32:10]} {[%emt 00:03:12]} Bb5 {[%clk 01:15:11]} {[%emt 00:01:51]} 0-1